Sports Quiz

Random Sports or WWE Quiz

Multiple Matches at the Same WrestleMania Quiz Stats

 Plays Quiz Updated Feb 19, 2018

Challenge
Share
Tweet
Embed
Score 0/11 Timer 05:00
5 Plays Today
Superstar % Correct
Hulk Hogan
87.6%
Bret Hart
77.3%
Daniel Bryan
70.8%
Randy Savage
70.2%
Ted DiBiase
62.4%
Yokozuna
62.1%
Yokozuna
62%
Greg Valentine
49.6%
Don Muraco
48.5%
One Man Gang
47.2%
Seth Rollins
39.2%

You're not logged in!

Compare scores with friends on all Sporcle quizzes.
Join for Free
OR
Log In

You Might Also Like...

Show Comments

Extras

Top Quizzes Today


Score Distribution

Your Account Isn't Verified!

In order to create a playlist on Sporcle, you need to verify the email address you used during registration. Go to your Sporcle Settings to finish the process.

Report this User

Report this user for behavior that violates our Community Guidelines.

Details: